Statistiques concernant Parkour du FCSM en coupe de France 2023/2024

Cliquez ici pour prendre le quiz!

Statistiques générales

  • Ce quiz a été pris 12 fois
  • Le résultat moyen est 4 sur 5

Statistiques - réponses

HintRéponse% Correct
7e tour :Sochaux - Jura Sud2-1
100%
32e: Sochaux - Lorient2-1
100%
8e tour : Geispolsheim - Sochaux0-4
83%
8e: Sochaux - Rennes1-6
83%
16e: Sochaux - Reims ( Tir au but )2(5)-2(4)
33%

Distribution des résultats

Percentile par nombre de réponses

% des personnes avec chaque résultat

Votre développement - résultats

Vous n’avez pas pris ce quiz